Conferencia de Rigoberta Menchú, premio nobel de la paz, en la Universidad de Oriente de Valladolid, Yucatán, México, con motivo de la entrega del Doctorado Honoris Causa el 22 de octubre de 2013 /
保存先:
| 第一著者: | |
|---|---|
| その他の著者: | |
| フォーマット: | 図書 |
| 言語: | Spanish |
| タグ: |
タグ追加
タグなし, このレコードへの初めてのタグを付けませんか!
|
MARC
| LEADER | 00000nam a22000007a 4500 | ||
|---|---|---|---|
| 003 | cru CIDCACS/IIS | ||
| 005 | 20180321105441.0 | ||
| 007 | ta | ||
| 008 | 180321s cr |||p|r||||||0| ||spa|d | ||
| 999 | |c 41164 |d 41164 | ||
| 040 | |c cru CIDCACS/IIS | ||
| 100 | 1 | |9 6817 |a Menchú, Rigoberta | |
| 245 | 1 | |a Conferencia de Rigoberta Menchú, premio nobel de la paz, en la Universidad de Oriente de Valladolid, Yucatán, México, con motivo de la entrega del Doctorado Honoris Causa el 22 de octubre de 2013 / |c transcripción y versión de Rafael Cuevas Molina | |
| 300 | |a páginas 1-3: |b foto | ||
| 700 | 1 | |9 6816 |a Mora Ramírez, Andrés |e transcriptor | |
| 942 | |2 ddc |c PP | ||
| 773 | 0 | |0 41151 |9 1902 |a Universidad Nacional de Costa Rica. |d Heredia, Costa Rica: IDELA ; ICAT-CIDEA, |o 18332 |t Suplemento Cultural/ | |
